000 00552nam a2200205Ia 4500
003 OSt
005 20220124105815.0
008 210716s2010 xx 000 0 und d
020 _a9788132102458
040 _cAIMIT LIBRARY
041 _aeng
082 _a332.024
_22
_bJOSV
100 _aJoshi, V C.
_914451
245 _aE-finance:
_bthe future is here /by
_cV.C. Joshi.
250 _a[2nd ed.]
260 _aNew Delhi:
_bResponse Books,
_c2010.
300 _axvi,189p.; 21.5cm.
650 _aFinance
_914452
942 _2ddc
_cBK
_e2
_k332.024 JOSV
999 _c207880
_d207880